LIBRARY & INFORMATION CENTRE, KCAET, TAVANUR

ONLINE PUBLIC ACCESS CATALOGUE (OPAC)

Heat and mass transfer databook / (Record no. 8840)

MARC details
000 -LEADER
fixed length control field 00677cam a2200277ua 4500
041 ## - LANGUAGE CODE
Language code of text/sound track or separate title eng
082 ## - DEWEY DECIMAL CLASSIFICATION NUMBER
Classification number 621.4022
Item number KOT/HE
100 ## - MAIN ENTRY--AUTHOR NAME
Personal name Kothandaraman, C.P.
245 ## - TITLE STATEMENT
Title Heat and mass transfer databook /
250 ## - EDITION STATEMENT
Edition statement 4 /
260 ## - PUBLICATION, DISTRIBUTION, ETC. (IMPRINT)
Place of publication New Delhi :
Name of publisher New Age International Ltd ,
Year of publication 1989.
300 ## - PHYSICAL DESCRIPTION
Number of Pages 190 ; .
500 ## - GENERAL NOTE
General note *CSS
700 1# - ADDED ENTRY--PERSONAL NAME
Personal name Subramanyan, S.
942 ## - ADDED ENTRY ELEMENTS (KOHA)
Koha item type Books
Holdings
Withdrawn status Lost status Damaged status Home library Current library Date acquired Full call number Accession Number Koha item type
      KAUAET KAUAET 07/04/2012 621.4022 19209 Books
      KAUAET KAUAET 07/04/2012 621.4022 19208 Books
      KAUAET KAUAET 07/04/2012 621.4022 19210 Books
      KAUAET KAUAET 07/04/2012 621.4022 18399 Books
      KAUAET KAUAET 07/04/2012 621.4022 17780 Books
      KAUAET KAUAET 07/04/2012 621.4022 21853 Books
      KAUAET KAUAET 03/11/2021 621.4022 KOT/HE 19166 Book Bank scheme for SC students
free website counter